The Head : (Record no. 19656)

MARC details
000 -LEADER
fixed length control field 01517nam a22003251i 4500
003 - CONTROL NUMBER IDENTIFIER
control field EG-ScBUE
005 - DATE AND TIME OF LATEST TRANSACTION
control field 20230226030524.0
008 - FIXED-LENGTH DATA ELEMENTS--GENERAL INFORMATION
fixed length control field 150615s2011 cauc f 000 0 eng d
020 ## - INTERNATIONAL STANDARD BOOK NUMBER
International Standard Book Number 9781600582066
020 ## - INTERNATIONAL STANDARD BOOK NUMBER
International Standard Book Number 1600582060
040 ## - CATALOGING SOURCE
Original cataloging agency EG-ScBUE
Language of cataloging eng
Description conventions rda
Transcribing agency EG-ScBUE
Modifying agency EG-ScBUE
082 04 - DEWEY DECIMAL CLASSIFICATION NUMBER
Classification number 743.42
Item number ROH
Edition number 22
100 1# - MAIN ENTRY--PERSONAL NAME
Personal name Rohlander, Nathan,
Relator term author.
9 (RLIN) 39402
245 14 - TITLE STATEMENT
Title The Head :
Remainder of title learn the classical approach to drawing the human head-stepby step /
Statement of responsibility, etc by Nathan Rohlander.
264 #1 - PUBLICATION, DISTRIBUTION, ETC. (IMPRINT)
Place of publication, distribution, etc Irvine, CA :
Name of publisher, distributor, etc Walter Foster,
Date of publication, distribution, etc 2011.
300 ## - PHYSICAL DESCRIPTION
Extent 32 pages :
Other physical details portraits ;
Dimensions 35 cm.
336 ## - CONTENT TYPE
Source rdacontent
Content type term text
Content type code txt
337 ## - MEDIA TYPE
Source rdamedia
Media type term unmediated
Media type code n
338 ## - CARRIER TYPE
Source rdacarrier
Carrier type term volume
Carrier type code nc
490 0# - SERIES STATEMENT
Series statement Drawing.
-- How to draw & paint ;
Volume number/sequential designation HT317
500 ## - GENERAL NOTE
General note Drawing from life - Capturing a likeness - Achieving accurate proportions - Rendering lifelike features.
520 ## - SUMMARY, ETC.
Summary, etc Drawing the human head is often considered the most challenging but rewarding drawing subject. To take away some of the challenge, this book breaks down the process of drawing the head into easy steps and stages. In Drawing: The Head, accomplished artist Nathan Rohlander guides readers through the classical approach to drawing, from the initial 'block in' stage to details and finishing touches.
650 #7 - SUBJECT ADDED ENTRY--TOPICAL TERM
Topical term or geographic name as entry element Head in art.
Source of heading or term BUEsh
650 #7 - SUBJECT ADDED ENTRY--TOPICAL TERM
Topical term or geographic name as entry element Face in art.
Source of heading or term BUEsh
650 #7 - SUBJECT ADDED ENTRY--TOPICAL TERM
Topical term or geographic name as entry element Drawing
General subdivision Technique.
Source of heading or term BUEsh
651 ## - SUBJECT ADDED ENTRY--GEOGRAPHIC NAME
Source of heading or term BUEsh
653 ## - INDEX TERM--UNCONTROLLED
Resource For college Communication and mass media
Arrived date list June2015
-- February2016
655 ## - INDEX TERM--GENRE/FORM
Form subdivision Reading book
942 ## - ADDED ENTRY ELEMENTS (KOHA)
Source of classification or shelving scheme Dewey Decimal Classification
Koha item type Book - Borrowing
Holdings
Withdrawn status Lost status Source of classification or shelving scheme Damaged status Not for loan Collection code Home library Current library Shelving location Date acquired Source of acquisition Cost, normal purchase price Serial Enumeration / chronology Total Checkouts Total Renewals Full call number Barcode Date last seen Date checked out Cost, replacement price Koha item type
    Dewey Decimal Classification     Alahram Central Library Central Library Second Floor 15/06/2015 Purchase 65.00 434 6 44 743.42 ROH 000038739 15/07/2025 07/10/2024 81.25 Book - Borrowing